000 00671nam a22002057a 4500
005 20250416104926.0
010 _aENG-144636
020 _a9789384603625
_c495.00
035 _aEN-128168
037 _bDBAD
082 _a611
_21st
100 _aSharma, Hiralal
_980604
245 _aYogic Human Anatomy And Physiology/
_cDr. Hiralal sharma.
250 _a1st
260 _aNEW DELHI
_bSports Education Technologies
_c2022
270 _a102, 4787/23, Ansari Road, Daryaganj
_bNEW DELHI
_k0112760185
_e110002
_msportseducationaltechnologies@gmail.com
300 _axxx,(64p)
_c25 cm(hbk)
700 _aS.Sharma
_980603
942 _2ddc
_cEN
_h611
_mHIR
_e1
999 _c210962
_d210962